[Event "IECG CP.2002.P.00015 email"]
[Site "IECG email"]
[Date "2002.10.01"]
[Round "?"]
[White "Neimeir, Ross"]
[Black "Deforel, Jorge Eduardo"]
[Result "0-1"]
[WhiteElo "870"]
[BlackElo "1973"]
[PlyCount "40"]
[EventDate "2002.10.01"]
[EventType "tourn (corr)"]
[EventRounds "6"]
[EventCountry "GER"]
[SourceTitle "Corr 2008"]
[Source "ChessBase"]
[SourceDate "2008.06.24"]
[SourceVersion "1"]
[SourceVersionDate "2008.06.24"]
[SourceQuality "1"]

1. e4 c5 2. c3 Nf6 3. e5 Nd5 4. d4 cxd4 5. cxd4 d6 6. Bc4 Nb6 7. Bb5+ Bd7 8. Bxd7+ Qxd7 9. Nf3 Nc6 10. exd6 e6 11. Ne5 Qxd6 12. Nxc6 Qxc6 13. 0-0 Be7 14. Re1 0-0 15. Nc3 Rfd8 16. Be3 Nc4 17. Qc2 Rac8 18. Rac1 Qb6 19. Qb3 Qxb3 20. axb3 Nxb2 0-1

[Event "IECG RF.2002.0.00006"]
[Site "IECG email"]
[Date "2002.08.16"]
[Round "?"]
[White "Neimeir, Ross"]
[Black "Nilange, Ashish"]
[Result "0-1"]
[WhiteElo "1000"]
[BlackElo "1000"]
[PlyCount "59"]
[EventDate "2002.08.16"]
[EventType "tourn (corr)"]
[EventRounds "6"]
[SourceTitle "Corr 2008"]
[Source "ChessBase"]
[SourceDate "2008.06.24"]
[SourceVersion "1"]
[SourceVersionDate "2008.06.24"]
[SourceQuality "1"]

1. e4 c5 2. Nf3 d6 3. d4 cxd4 4. Nxd4 Nf6 5. Nc3 Nc6 6. Bc4 Qb6 7. Nb3 e6 8. Be3 Qc7 9. Qe2 Be7 10. a3 0-0 11. 0-0 Re8 12. Bb5 a6 13. Bxc6 Qxc6 14. f3 b5 15. Qd2 Bd7 16. Nd4 Qc7 17. f4 Bc6 18. Nxc6 Qxc6 19. e5 dxe5 20. fxe5 Ng4 21. Bd4 Rad8 22. Qf4 f5 23. exf6 Nxf6 24. Bxf6 Bxf6 25. Qf3 Bd4+ 26. Kh1 Qxf3 27. Rxf3 Rf8 28. Raf1 Rxf3 29. Rxf3 Bxc3 30. Rxc3 0-1

[Event "IECG RF.2002.0.00006"]
[Site "IECG email"]
[Date "2002.08.16"]
[Round "?"]
[White "Neimeir, Ross"]
[Black "Quinones Borda, Jorge Victor"]
[Result "0-1"]
[WhiteElo "1000"]
[BlackElo "1000"]
[PlyCount "40"]
[EventDate "2002.08.16"]
[EventType "tourn (corr)"]
[EventRounds "6"]
[SourceTitle "Corr 2008"]
[Source "ChessBase"]
[SourceDate "2008.06.24"]
[SourceVersion "1"]
[SourceVersionDate "2008.06.24"]
[SourceQuality "1"]

1. e4 d5 2. exd5 Qxd5 3. c4 Qe4+ 4. Qe2 Qxe2+ 5. Bxe2 Nc6 6. b3 e5 7. Bb2 f6 8. Bc3 Bf5 9. Nf3 0-0-0 10. d3 Nge7 11. 0-0 Bxd3 12. Bxd3 Rxd3 13. Bd2 Nf5 14. Nc3 Nfd4 15. Nxd4 Nxd4 16. Be1 Rxc3 17. Bxc3 Ne2+ 18. Kh1 Nxc3 19. Rad1 Nxd1 20. Rxd1 Bc5 0-1

[Event "IECG CF.2002.0.00030 email"]
[Site "IECG email"]
[Date "2002.07.16"]
[Round "?"]
[White "Szokol, Imre"]
[Black "Neimeir, Ross"]
[Result "1/2-1/2"]
[WhiteElo "1154"]
[BlackElo "1000"]
[PlyCount "47"]
[EventDate "2002.07.16"]
[EventType "tourn (corr)"]
[EventRounds "6"]
[SourceTitle "Corr 2008"]
[Source "ChessBase"]
[SourceDate "2008.06.24"]
[SourceVersion "1"]
[SourceVersionDate "2008.06.24"]
[SourceQuality "1"]

1. e4 e5 2. Nf3 Nf6 3. d4 exd4 4. e5 Ne4 5. Qxd4 d5 6. exd6 Nxd6 7. Nc3 Nc6 8. Qf4 g6 9. Bd3 Bg7 10. Bd2 Qf6 11. Qxf6 Bxf6 12. Nd5 Bd8 13. Bh6 Be6 14. Bg7 Rg8 15. Nf6+ Bxf6 16. Bxf6 h6 17. a3 Bf5 18. 0-0-0 Bxd3 19. Rxd3 Kd7 20. c4 b6 21. Re1 Rae8 22. Rxe8 Rxe8 23. b3 Kc8 24. Nd4 1/2-1/2

[Event "IECG CF.2002.0.00026 email"]
[Site "IECG email"]
[Date "2002.06.04"]
[Round "?"]
[White "Neimeir, Ross"]
[Black "Fiorini, Vittorio"]
[Result "0-1"]
[WhiteElo "1000"]
[BlackElo "1014"]
[PlyCount "42"]
[EventDate "2002.06.04"]
[EventType "tourn (corr)"]
[EventRounds "6"]
[SourceTitle "Corr 2008"]
[Source "ChessBase"]
[SourceDate "2008.06.24"]
[SourceVersion "1"]
[SourceVersionDate "2008.06.24"]
[SourceQuality "1"]

1. e4 c5 2. Nf3 d6 3. Bb5+ Nc6 4. Bxc6+ bxc6 5. 0-0 e5 6. h3 Be7 7. d3 f5 8. Nc3 Nf6 9. Ne2 0-0 10. Bg5 h6 11. Bxf6 Bxf6 12. c4 Be6 13. Nc3 Qd7 14. Qe2 Qf7 15. Kh2 g5 16. g3 g4 17. Ng1 f4 18. h4 Qe7 19. f3 fxg3+ 20. Kxg3 Bxh4+ 21. Kg2 Qg7 0-1

[Event "IECG CF.2002.0.00026 email"]
[Site "IECG email"]
[Date "2002.06.04"]
[Round "?"]
[White "Nilange, Ashish"]
[Black "Neimeir, Ross"]
[Result "1-0"]
[WhiteElo "1000"]
[BlackElo "1000"]
[PlyCount "45"]
[EventDate "2002.06.04"]
[EventType "tourn (corr)"]
[EventRounds "6"]
[SourceTitle "Corr 2008"]
[Source "ChessBase"]
[SourceDate "2008.06.24"]
[SourceVersion "1"]
[SourceVersionDate "2008.06.24"]
[SourceQuality "1"]

1. e4 e5 2. Nf3 Nf6 3. Nxe5 Qe7 4. d4 d6 5. Nf3 Qxe4+ 6. Be2 Bf5 7. c3 Nc6 8. 0-0 Qc2 9. Qxc2 Bxc2 10. Re1 0-0-0 11. Bg5 Re8 12. Nbd2 Ne4 13. Bc4 Nf6 14. Bxf6 Rxe1+ 15. Nxe1 Bg6 16. Bg5 Be7 17. Nef3 f6 18. Be3 a6 19. Nh4 f5 20. Be6+ Kd8 21. Nxf5 Bxf5 22. Bxf5 Rf8 23. Bxh7 1-0

[Event "IECG CF.2002.0.00026 email"]
[Site "IECG email"]
[Date "2002.06.04"]
[Round "?"]
[White "Torre, Leandro"]
[Black "Neimeir, Ross"]
[Result "1-0"]
[WhiteElo "1082"]
[BlackElo "1000"]
[PlyCount "51"]
[EventDate "2002.06.04"]
[EventType "tourn (corr)"]
[EventRounds "6"]
[SourceTitle "Corr 2008"]
[Source "ChessBase"]
[SourceDate "2008.06.24"]
[SourceVersion "1"]
[SourceVersionDate "2008.06.24"]
[SourceQuality "1"]

1. e4 e5 2. Bc4 Bc5 3. Nc3 d6 4. d3 Nf6 5. f4 Bxg1 6. Rxg1 Bg4 7. Qd2 c6 8. h3 Be6 9. Bxe6 fxe6 10. fxe5 dxe5 11. Qg5 Qd4 12. Be3 Qd7 13. Qxe5 0-0 14. 0-0-0 b6 15. d4 Qe7 16. d5 Nbd7 17. Qxe6+ Qxe6 18. dxe6 Nc5 19. Bxc5 bxc5 20. e5 Ne8 21. e7 Rf5 22. e6 Re5 23. Rgf1 Nf6 24. Rd8+ Rxd8 25. exd8Q+ Ne8 26. Qxe8# 1-0

[Event "IECG CF.2002.0.00026 email"]
[Site "IECG email"]
[Date "2002.06.04"]
[Round "?"]
[White "Znak, Nicholas"]
[Black "Neimeir, Ross"]
[Result "1-0"]
[WhiteElo "1083"]
[BlackElo "1000"]
[PlyCount "57"]
[EventDate "2002.06.04"]
[EventType "tourn (corr)"]
[EventRounds "6"]
[SourceTitle "Corr 2008"]
[Source "ChessBase"]
[SourceDate "2008.06.24"]
[SourceVersion "1"]
[SourceVersionDate "2008.06.24"]
[SourceQuality "1"]

1. e4 e5 2. Nf3 Nf6 3. d4 exd4 4. Qxd4 Nc6 5. Qa4 Be7 6. c3 0-0 7. Bd3 d6 8. Qc2 Ne5 9. Nxe5 dxe5 10. Nd2 a6 11. Nf3 Bd6 12. Bg5 h6 13. Bh4 g5 14. Bg3 Re8 15. 0-0-0 Nh5 16. Bc4 Nxg3 17. hxg3 Kg7 18. Bxf7 Kxf7 19. Rxh6 Re6 20. Qb3 g4 21. Rdh1 gxf3 22. gxf3 Bf8 23. Rh7+ Bg7 24. f4 exf4 25. gxf4 Kf6 26. e5+ Kf5 27. Qc2+ Kxf4 28. Qa4+ Kf3 29. R7h3+ 1-0